[Event "HUN-ch rapid"]
[Site "Ajka"]
[Date "2019.07.19"]
[Round "1"]
[White "Papp, Gabor"]
[Black "Biro, Zsolt"]
[Result "1-0"]
[WhiteElo "2587"]
[BlackElo "2003"]
[PlyCount "49"]
[EventDate "2019.07.19"]
[EventType "swiss (rapid)"]
[EventRounds "13"]
[EventCountry "HUN"]
[SourceTitle "CBM 191 Extra"]
[Source "ChessBase"]
[SourceDate "2019.09.30"]
[SourceVersion "1"]
[SourceVersionDate "2019.09.30"]
[SourceQuality "1"]

1. e4 e6 2. d4 d5 3. Nd2 Nf6 4. e5 Nfd7 5. Bd3 c5 6. c3 Nc6 7. Ne2 Be7 8. 0-0 a6 9. f4 b5 10. Nf3 Qb6 11. Be3 a5 12. f5 cxd4 13. cxd4 Ndxe5 14. dxe5 Qxe3+ 15. Kh1 Rb8 16. Rc1 Bd7 17. f6 gxf6 18. exf6 Bxf6 19. Ng3 h5 20. Nf5 Qb6 21. Qe1 Kf8 22. Nd6 Nb4 23. Ne5 Bxe5 24. Rxf7+ Kg8 25. Qxe5 1-0

[Event "HUN-chT2 Erkel 1819"]
[Site "Hungary"]
[Date "2019.03.31"]
[Round "8.7"]
[White "Nadasi, Balazs"]
[Black "Biro, Zsolt"]
[Result "0-1"]
[WhiteElo "2130"]
[BlackElo "2016"]
[PlyCount "64"]
[EventDate "2018.10.28"]
[EventType "team-tourn"]
[EventRounds "9"]
[EventCountry "HUN"]
[SourceTitle "EXT 2021"]
[Source "ChessBase"]
[SourceDate "2020.10.23"]
[SourceVersion "1"]
[SourceVersionDate "2020.10.23"]
[SourceQuality "1"]
[WhiteTeam "Sarkany DSE"]
[BlackTeam "Pestszentlorinc"]
[WhiteTeamCountry "HUN"]
[BlackTeamCountry "HUN"]

1. e4 e5 2. Nf3 Nc6 3. Nc3 Bc5 4. Nxe5 Nf6 5. Nf3 0-0 6. d4 Bb4 7. d5 Nxe4 8. dxc6 Re8 9. Be2 Bxc3+ 10. bxc3 Nxc3 11. Qd3 Nxe2 12. Kf1 Qf6 13. Rb1 Nxc1 14. Rxc1 dxc6 15. Qd4 Qxd4 16. Nxd4 Bd7 17. f3 c5 18. Nb3 b6 19. Kf2 Rad8 20. Rhd1 Bb5 21. Kg3 Kf8 22. h3 a5 23. Rb1 Bc4 24. a4 Bd5 25. Ra1 Bc6 26. Rf1 c4 27. Nc1 Rd2 28. Rf2 Rd1 29. c3 Ree1 30. Rc2 Ke7 31. Kf2 Kd6 32. Re2 Rf1+ 0-1

[Event "HUN-chT2 Erkel 1819"]
[Site "Hungary"]
[Date "2018.12.02"]
[Round "3.7"]
[White "Biro, Zsolt"]
[Black "Kiss, Pal Vac"]
[Result "1/2-1/2"]
[WhiteElo "2016"]
[BlackElo "1957"]
[PlyCount "81"]
[EventDate "2018.10.28"]
[EventType "team-tourn"]
[EventRounds "9"]
[EventCountry "HUN"]
[SourceTitle "EXT 2021"]
[Source "ChessBase"]
[SourceDate "2020.10.23"]
[SourceVersion "1"]
[SourceVersionDate "2020.10.23"]
[SourceQuality "1"]
[WhiteTeam "Pestszentlorinc"]
[BlackTeam "Vac"]
[WhiteTeamCountry "HUN"]
[BlackTeamCountry "HUN"]

1. e4 c6 2. d4 Na6 3. Bxa6 Qa5+ 4. Nc3 Qxa6 5. Nge2 g6 6. Bg5 d6 7. h3 Bg7 8. Qd2 Qb6 9. 0-0-0 a5 10. Rhe1 a4 11. a3 Qa5 12. Na2 Qxg5 13. Qxg5 Bh6 14. Qd2 Bxd2+ 15. Rxd2 Nf6 16. Nec3 Nd7 17. Nb4 Ra5 18. f4 f6 19. d5 c5 20. Nd3 c4 21. Nb4 Rf8 22. Rd4 Nb6 23. Kd2 Rc5 24. Re3 Bd7 25. Ke1 Kd8 26. g4 Rf7 27. Kf2 h6 28. Kg3 g5 29. Rd1 gxf4+ 30. Kxf4 Nc8 31. Kg3 Rg7 32. Kh2 Ke8 33. Ne2 Kf7 34. Nf4 Rg5 35. c3 Nb6 36. Kg3 Rc8 37. Nc2 Rcg8 38. Kh2 Na8 39. Nd4 Nc7 40. Nf3 R5g7 41. Nh4 1/2-1/2

[Event "Budapest Karacsonyi op"]
[Site "Budapest"]
[Date "2017.12.28"]
[Round "2"]
[White "To, Nhat Minh"]
[Black "Biro, Zsolt"]
[Result "1-0"]
[WhiteElo "2329"]
[BlackElo "2032"]
[PlyCount "69"]
[EventDate "2017.12.27"]
[EventType "swiss"]
[EventRounds "7"]
[EventCountry "HUN"]
[SourceTitle "CBM 182 Extra"]
[Source "ChessBase"]
[SourceDate "2018.02.23"]
[SourceVersion "1"]
[SourceVersionDate "2018.02.23"]
[SourceQuality "1"]

1. c4 Nf6 2. Nc3 d5 3. cxd5 Nxd5 4. g3 g6 5. Bg2 Nb6 6. d3 Bg7 7. Be3 0-0 8. h4 h6 9. Qd2 Kh7 10. h5 g5 11. f4 g4 12. Bf2 f5 13. e4 e6 14. Nge2 Nc6 15. 0-0-0 Qe7 16. Kb1 Rd8 17. d4 Nc4 18. Qc1 Qb4 19. d5 N6a5 20. Nd4 c5 21. Nc2 Qb6 22. e5 Bd7 23. Rd3 Qa6 24. Rhd1 Rdc8 25. dxe6 Bxe6 26. Rd6 Nxd6 27. Rxd6 Bxa2+ 28. Nxa2 Qc4 29. Bd5 Qe2 30. Qe1 Qxe1+ 31. Bxe1 Nc6 32. Ne3 Rd8 33. Nxf5 Nxe5 34. fxe5 Bxe5 35. Rxh6# 1-0

[Event "HUN-chT2 Erkel 1718"]
[Site "Hungary"]
[Date "2017.11.26"]
[Round "4.7"]
[White "Slezak, Robert"]
[Black "Biro, Zsolt"]
[Result "1-0"]
[WhiteElo "2033"]
[BlackElo "2035"]
[PlyCount "67"]
[EventDate "2017.09.24"]
[EventType "team-tourn"]
[EventRounds "11"]
[EventCountry "HUN"]
[SourceTitle "EXT 2021"]
[Source "ChessBase"]
[SourceDate "2020.10.23"]
[SourceVersion "1"]
[SourceVersionDate "2020.10.23"]
[SourceQuality "1"]
[WhiteTeam "Fot"]
[BlackTeam "Pestszentlorinc"]
[WhiteTeamCountry "HUN"]
[BlackTeamCountry "HUN"]

1. e4 e6 2. d4 d5 3. Nd2 h6 4. c3 Nf6 5. e5 Nfd7 6. f4 c5 7. Ndf3 Qb6 8. Bd3 Nc6 9. Ne2 Be7 10. 0-0 Qd8 11. f5 exf5 12. Bxf5 Nf8 13. Bxc8 Rxc8 14. Nf4 Qd7 15. Be3 cxd4 16. cxd4 Ne6 17. Nxe6 Qxe6 18. a3 0-0 19. Qd2 b6 20. b4 b5 21. Ne1 f6 22. exf6 Bxf6 23. Nf3 Rce8 24. Rae1 Qd7 25. Qd3 a6 26. Qg6 Re6 27. Bf2 Rfe8 28. Rxe6 Rxe6 29. Qf5 Re7 30. Qf4 Re4 31. Qd2 Qe6 32. Rc1 Re2 33. Rxc6 Rxd2 34. Rxe6 1-0

[Event "HUN-chT2 Erkel 1617"]
[Site "Hungary"]
[Date "2016.10.09"]
[Round "2.8"]
[White "Biro, Zsolt"]
[Black "Banhazi, Istvan"]
[Result "1-0"]
[WhiteElo "2057"]
[BlackElo "2036"]
[PlyCount "99"]
[EventDate "2016.09.25"]
[EventType "team-tourn"]
[EventRounds "11"]
[EventCountry "HUN"]
[SourceTitle "EXT 2021"]
[Source "ChessBase"]
[SourceDate "2020.10.23"]
[SourceVersion "1"]
[SourceVersionDate "2020.10.23"]
[SourceQuality "1"]
[WhiteTeam "Pestszentlorinc"]
[BlackTeam "Budapest MAFC"]
[WhiteTeamCountry "HUN"]
[BlackTeamCountry "HUN"]

1. e4 c5 2. Nf3 d6 3. Bb5+ Bd7 4. a4 Nf6 5. Nc3 e6 6. 0-0 Be7 7. e5 Ng4 8. exd6 Bxd6 9. Ne4 Be7 10. d3 Qc7 11. Re1 Nc6 12. Bg5 Bxg5 13. Nexg5 0-0 14. Nxh7 Nxf2 15. Kxf2 Kxh7 16. Re4 Rh8 17. Rh4+ Kg8 18. Rxh8+ Kxh8 19. g3 g6 20. Qd2 Kg7 21. Qc3+ f6 22. Qxc5 Rh8 23. Re1 Rh5 24. Qc3 Rf5 25. Kg2 Qd6 26. d4 Qd5 27. Re3 e5 28. dxe5 fxe5 29. Bc4 Qd1 30. Re1 Qd6 31. Bd3 Rh5 32. Be4 Qe6 33. Kg1 Qh3 34. Qd2 Qe6 35. Rd1 Bc8 36. c3 Rh8 37. Qd6 Kf6 38. Qxe6+ Bxe6 39. Rd6 Ke7 40. Rd2 Kf6 41. Rf2 Kg7 42. Bxc6 bxc6 43. Nxe5 Bd5 44. Nd3 Re8 45. Nf4 Bc4 46. Rd2 g5 47. Ng2 Bd5 48. Kf2 a5 49. Ne3 Bb3 50. Rd4 1-0

[Event "HUN-chT2 Erkel 1213"]
[Site "Hungary"]
[Date "2012.12.02"]
[Round "5.7"]
[White "Hegedus, Rafael"]
[Black "Biro, Zsolt"]
[Result "1/2-1/2"]
[WhiteElo "2039"]
[BlackElo "2050"]
[PlyCount "122"]
[EventDate "2012.09.16"]
[EventType "team-tourn"]
[EventRounds "11"]
[EventCountry "HUN"]
[SourceTitle "EXT 2014"]
[Source "ChessBase"]
[SourceDate "2013.11.20"]
[SourceVersion "1"]
[SourceVersionDate "2013.11.20"]
[SourceQuality "1"]
[WhiteTeam "Mezokovesd"]
[BlackTeam "Pestszentlorinc"]
[WhiteTeamCountry "HUN"]
[BlackTeamCountry "HUN"]

1. e4 e6 2. d4 d5 3. Nd2 c5 4. Ngf3 Nc6 5. exd5 Qxd5 6. Bc4 Qd8 7. dxc5 Bxc5 8. 0-0 Nf6 9. Nb3 Qxd1 10. Rxd1 Bb6 11. Bg5 Bd7 12. Bh4 Rc8 13. Bf1 Ke7 14. c3 Rhd8 15. Rd2 Be8 16. Rad1 Rxd2 17. Rxd2 Rd8 18. Bb5 Rxd2 19. Nbxd2 a6 20. Ba4 h6 21. Ne4 Ba7 22. a3 Bd7 23. Nxf6 gxf6 24. Bxc6 Bxc6 25. Ne5 Bd5 26. Ng4 Kd6 27. Bxf6 h5 28. Ne5 Kc5 29. Be7+ Kb5 30. Nd3 Kc4 31. Nc1 a5 32. Bf6 a4 33. Kf1 Bb8 34. g3 Bf3 35. Ke1 Ba7 36. Bg5 e5 37. Bf6 e4 38. Bg5 Bc5 39. Be3 Be7 40. Kd2 f5 41. Kc2 h4 42. Na2 hxg3 43. hxg3 Bd6 44. Nc1 Be5 45. Kd2 Bf6 46. Bf4 Be7 47. Be3 Bf6 48. Kc2 Be7 49. Na2 Bd6 50. Nc1 Be7 51. Na2 Bd6 52. Bd4 Be7 53. Nc1 Bf8 54. Na2 Be7 55. Nb4 Bxb4 56. axb4 b5 57. Be3 Be2 58. Bd4 Bd3+ 59. Kd2 Kb3 60. Be5 Bc4 61. Kc1 Bd3 1/2-1/2

[Event "HUN-chT2 Erkel 1112"]
[Site "Hungary"]
[Date "2012.05.06"]
[Round "10.7"]
[White "Csomor, Viktor"]
[Black "Biro, Zsolt"]
[Result "1/2-1/2"]
[WhiteElo "2096"]
[BlackElo "2074"]
[PlyCount "39"]
[EventDate "2011.09.25"]
[EventType "team-tourn"]
[EventRounds "11"]
[EventCountry "HUN"]
[SourceTitle "EXT 2013"]
[Source "ChessBase"]
[SourceDate "2012.11.22"]
[SourceVersion "1"]
[SourceVersionDate "2012.11.22"]
[SourceQuality "1"]
[WhiteTeam "Dunaharaszti"]
[BlackTeam "Pestszentlorinc"]
[WhiteTeamCountry "HUN"]
[BlackTeamCountry "HUN"]

1. d4 Nf6 2. c4 g6 3. Nc3 d5 4. cxd5 Nxd5 5. Bd2 Nb6 6. e3 Bg7 7. Nf3 Bg4 8. h3 Bxf3 9. Qxf3 c6 10. Be2 0-0 11. h4 h6 12. Rd1 N8d7 13. e4 e6 14. Bf4 Qf6 15. e5 Qe7 16. Qh3 f6 17. exf6 Qxf6 18. g3 Nd5 19. Nxd5 exd5 20. 0-0 1/2-1/2

[Event "HUN-chT2 Erkel 0910"]
[Site "Hungary"]
[Date "2010.01.31"]
[Round "5.7"]
[White "Biro, Zsolt"]
[Black "Rinyu, Janos"]
[Result "0-1"]
[WhiteElo "2065"]
[BlackElo "2058"]
[PlyCount "70"]
[EventDate "2009.11.08"]
[EventType "team-tourn"]
[EventRounds "11"]
[EventCountry "HUN"]
[SourceTitle "EXT 2011"]
[Source "ChessBase"]
[SourceDate "2010.11.26"]
[SourceVersion "1"]
[SourceVersionDate "2010.11.26"]
[SourceQuality "1"]
[WhiteTeam "Pestszentlorinc"]
[BlackTeam "Foti"]
[WhiteTeamCountry "HUN"]
[BlackTeamCountry "HUN"]

1. e4 b6 2. d4 Bb7 3. Bd3 g6 4. Nf3 Bg7 5. Qe2 e6 6. 0-0 Ne7 7. c4 d6 8. Nc3 Nd7 9. Be3 a6 10. Rad1 h6 11. Qd2 g5 12. Ne1 Ng6 13. e5 dxe5 14. Bxg6 fxg6 15. dxe5 Nxe5 16. Qe2 Qe7 17. Bd4 Qf6 18. f4 gxf4 19. Nf3 Bxf3 20. gxf3 c5 21. Qe4 0-0 22. Bxe5 Qxe5 23. Qb7 Qe3+ 24. Kh1 Bxc3 25. bxc3 Qxc3 26. Rd7 Rad8 27. Rfd1 Rxd7 28. Rxd7 Qe1+ 29. Kg2 Qe2+ 30. Kh3 Qf1+ 31. Kh4 g5+ 32. Kh5 Qh3+ 33. Kg6 Qf5+ 34. Kh5 g4+ 35. Kh4 Qg5# 0-1